Teoretické a praktické prístupy k manažmentu verejných výdavkov vo vybraných krajinách diplomová práca

Enregistré dans:
Détails bibliographiques
Auteur principal: Šmitalová, Radka
Collectivité auteur: Národohospodárska fakulta EU. Katedra financií
Autres auteurs: Boór, Matej, 1988-
Format: Livre
Langue:slovaque
Publié: Bratislava 2021
Tags: Ajouter un tag
Pas de tags, Soyez le premier à ajouter un tag!

MARC

LEADER 00000nbm a2200000 4500
001 0274266
005 20220104092413.6
041 0 |a slo 
044 |a SK 
245 1 0 |a Teoretické a praktické prístupy k manažmentu verejných výdavkov vo vybraných krajinách  |b diplomová práca  |c Radka Šmitalová ; školiteľ: Matej Boór 
264 1 |a Bratislava  |c 2021 
300 |a 75 s. 
100 1 |a Šmitalová, Radka 
700 1 |a Boór, Matej, 1988- 
710 2 |a Národohospodárska fakulta EU. Katedra financií